[Event "Najdorf Memorial B"]
[Site "Warsaw POL"]
[Date "2023.07.12"]
[Round "2.6"]
[White "Zapalowska, Wiktoria"]
[Black "Nesterenko, Kyrylo"]
[Result "0-1"]
[WhiteElo "1685"]
[BlackElo "1907"]

1. e4 c5 2. Nf3 d6 3. Bb5+ Nd7 4. O-O a6 5. Bd3 Ngf6 6. Re1 b5 7. a4 b4 8.
c3 g6 9. Bc2 Bg7 10. d4 cxd4 11. cxd4 e5 12. Nbd2 exd4 13. Nxd4 O-O 14. Nc4
Qc7 15. b3 d5 16. exd5 Nxd5 17. Bb2 Nc3 18. Bxc3 bxc3 19. Be4 Bb7 20. Bxb7
Qxb7 21. Rb1 Rad8 22. Qf3 Qxf3 23. Nxf3 Nc5 24. Nfe5 Bxe5 25. Nxe5 f6 26.
Nc4 c2 27. Rbc1 Nd3 28. Ne3 Nxe1 29. Rxe1 Rd2 30. Rc1 Rfd8 0-1

[Event "Najdorf Memorial B"]
[Site "Warsaw POL"]
[Date "2023.07.12"]
[Round "2.7"]
[White "Gbiorczyk, Mikolaj"]
[Black "Jasiulewicz, Dawid"]
[Result "1-0"]
[WhiteElo "1904"]
[BlackElo "1751"]

1. e4 c5 2. Nc3 d6 3. d4 cxd4 4. Qxd4 Nc6 5. Qd2 Nf6 6. b3 e6 7. Bb2 Be7 8.
O-O-O a6 9. f4 Bd7 10. g4 h6 11. Nf3 Qa5 12. Kb1 Rc8 13. Rg1 Rg8 14. h4 Qc5
15. g5 hxg5 16. hxg5 Nh5 17. g6 Rf8 18. Na4 Qa7 19. e5 d5 20. Bd3 f6 21.
Qh2 Nxf4 22. Qxf4 fxe5 23. Qg4 d4 24. Rge1 b5 25. Nxe5 Nxe5 26. Rxe5 bxa4
27. Bxd4 Qb7 28. Rde1 axb3 29. axb3 Qf3 30. Qxf3 Rxf3 31. Bxa6 Rc6 32. Bb7
Rd6 33. Bxf3 Rxd4 34. Bc6 1-0

[Event "Najdorf Memorial B"]
[Site "Warsaw POL"]
[Date "2023.07.12"]
[Round "2.8"]
[White "Olszewski, Antoni"]
[Black "Haliniak, Wojciech"]
[Result "1/2-1/2"]
[WhiteElo "1681"]
[BlackElo "1901"]

1. e4 e6 2. d4 d5 3. Bd3 dxe4 4. Bxe4 Nf6 5. Bg5 c5 6. Qf3 Qa5+ 7. Bd2 Qb6
8. dxc5 Bxc5 9. Nc3 Nc6 10. Bxc6+ Qxc6 11. Qxc6+ bxc6 12. Na4 Be7 13. Nf3
c5 14. Nc3 Bb7 15. O-O-O Ng4 16. Be1 Bxf3 17. gxf3 Ne5 18. f4 Nc4 19. Ne4
O-O 20. Bc3 Nb6 21. Rhg1 f6 22. f5 e5 23. Rg3 Kf7 24. Rdg1 Rg8 25. Rh3 h6
26. Rhg3 Nd5 27. Bd2 Nb4 28. Bxb4 cxb4 29. h4 a5 30. h5 a4 31. Rd3 Rgc8 32.
Rd7 Ke8 33. Rb7 Bf8 34. Kb1 Rc4 35. f3 Rd4 36. Kc1 b3 37. cxb3 axb3 38.
Rxb3 Rxa2 39. Kc2 Ra7 40. Rd3 Rc7+ 41. Rc3 Rcd7 42. Ra1 Bb4 43. Re3 Rc7+
44. Nc3 Rh4 45. Ra4 Bxc3 46. Ra8+ Kf7 47. Rxc3 Rh2+ 48. Kc1 Rxc3+ 49. bxc3
Rxh5 50. Ra7+ Kf8 51. Ra8+ Ke7 52. Ra7+ Kd6 53. Rxg7 Rxf5 54. Rg3 Kd5 55.
Kd2 Kc4 56. Rg4+ Rf4 57. Rg3 h5 58. Kc2 f5 59. Kd2 e4 60. fxe4 fxe4 61. Rg5
h4 62. Ke3 Rf8 63. Rh5 Kxc3 64. Rxh4 Re8 65. Rxe4 Rxe4+ 66. Kxe4 1/2-1/2

[Event "Najdorf Memorial B"]
[Site "Warsaw POL"]
[Date "2023.07.12"]
[Round "2.9"]
[White "Jaszczuk, Piotr"]
[Black "Polak, Michal"]
[Result "1/2-1/2"]
[WhiteElo "1672"]
[BlackElo "1895"]

1. e4 e5 2. Nf3 Nc6 3. Bb5 a6 4. Ba4 Nf6 5. O-O b5 6. Bb3 Bc5 7. c3 d6 8.
d4 Bb6 9. Bg5 h6 10. Be3 Ng4 11. Nbd2 O-O 12. h3 Nxe3 13. fxe3 Rb8 14. Qe1
g6 15. Qg3 Kg7 16. Kh2 Na5 17. Bc2 Qe7 18. Rae1 Nc6 19. Bb3 Bd7 20. Re2
Rbe8 21. Ref2 Na5 22. Bc2 c5 23. d5 Nb7 24. c4 Ra8 25. b3 Kh7 26. Nh4 g5
27. Nf5 Bxf5 28. Rxf5 f6 29. Qf3 Bd8 30. Qh5 Qe8 31. Qg4 Be7 32. R5f2 Qc8
33. Qf5+ Qxf5 34. exf5 Na5 35. Bd3 Rfb8 36. Rc1 bxc4 37. Bxc4 Nb7 38. Ne4
Kg7 39. Nd2 Bd8 40. Bd3 Na5 41. Bc4 1/2-1/2

[Event "Najdorf Memorial B"]
[Site "Warsaw POL"]
[Date "2023.07.12"]
[Round "2.10"]
[White "Drozdz, Jakub"]
[Black "Grajczak, Adrian"]
[Result "1/2-1/2"]
[WhiteElo "1643"]
[BlackElo "1880"]

1. e4 c5 2. Nf3 d6 3. d4 cxd4 4. Nxd4 Nf6 5. f3 e5 6. Nb5 a6 7. N5a3 d5 8.
exd5 Qxd5 9. Qxd5 Nxd5 10. Bc4 Be6 11. Bxd5 Bxd5 12. c4 Be6 13. b3 Bc5 14.
Nc2 Nc6 15. Be3 Nb4 16. Nba3 Bxe3 17. Nxe3 O-O-O 18. Ke2 Rd7 19. Nac2 Nxc2
20. Nxc2 Rhd8 21. Rad1 Kc7 22. Rxd7+ Rxd7 23. Rd1 Rxd1 24. Kxd1 a5 25. Kd2
Kd6 26. Ne1 f5 27. Nd3 g5 28. Ke3 h5 29. g3 f4+ 30. Ke4 fxg3 31. hxg3 Bh3
32. Nxe5 Ke6 33. g4 h4 34. f4 Bg2+ 35. Nf3 gxf4 36. Kxf4 h3 37. Kg3 b6 38.
Ng5+ Kd6 39. Nxh3 Be4 40. Nf4 Bb1 41. Ne2 Bxa2 42. Nc1 Bb1 43. Kf4 Kc5 44.
Ke3 Kb4 45. Kd4 Bh7 46. g5 Bg8 47. g6 a4 48. bxa4 Bxc4 49. Nd3+ Kb3 50.
Nc5+ Kb4 51. Nd7 b5 52. axb5 Kxb5 53. g7 Bg8 54. Nf6 Bf7 55. Ke5 Kc6 56.
Ne4 Kd7 57. Kf6 Bg8 58. Kg6 Ke7 59. Kh6 Kf7 60. Nd6+ Ke6 61. Ne4 Kf7 62.
Ng5+ Kf6 63. Nh3 Kf5 64. Nf2 Kf6 65. Nd3 Kf5 66. Nb4 Kf6 67. Na6 Kf7 68.
Nb8 Kf6 69. Nc6 Kf7 70. Ne5+ 1/2-1/2

[Event "Najdorf Memorial B"]
[Site "Warsaw POL"]
[Date "2023.07.12"]
[Round "2.11"]
[White "Szefer, Michal"]
[Black "Zareba, Piotr"]
[Result "0-1"]
[WhiteElo "1863"]
[BlackElo "1723"]

1. Nf3 Nf6 2. c4 e6 3. g3 d5 4. Bg2 Be7 5. O-O O-O 6. d4 dxc4 7. Qc2 b5 8.
a4 b4 9. Qxc4 Bb7 10. Re1 Nbd7 11. Nbd2 c5 12. e4 cxd4 13. Nxd4 Ne5 14. Qb5
Qxd4 15. Qxb7 Nd3 16. Re2 Nxf2 17. Nf3 Qc4 18. Kxf2 Bc5+ 19. Ke1 Rab8 20.
Qxb8 Rxb8 21. Bf4 Rd8 22. Rc1 Qb3 23. Rd2 Rxd2 24. Nxd2 Qxb2 25. Rxc5 h6
26. Be5 Qa3 27. a5 Qe3+ 0-1

[Event "Najdorf Memorial B"]
[Site "Warsaw POL"]
[Date "2023.07.12"]
[Round "2.12"]
[White "Lukasiewicz, Anna"]
[Black "Kotowicz, Kamil"]
[Result "1/2-1/2"]
[WhiteElo "1839"]
[BlackElo "1704"]

1. e4 e6 2. d4 d5 3. Nd2 dxe4 4. Nxe4 b6 5. Nf3 Bb7 6. Bb5+ c6 7. Bd3 Nd7
8. O-O Ngf6 9. Nxf6+ Nxf6 10. c3 Be7 11. Qe2 O-O 12. Bg5 Qc7 13. Ne5 c5 14.
dxc5 bxc5 15. Rfe1 Rad8 16. Rad1 Rd5 17. Bf4 Bd6 18. Bc4 Rxd1 19. Rxd1 Bd5
20. Bxd5 exd5 21. Bg3 Re8 22. f4 Qb7 23. b3 Bxe5 24. fxe5 Ne4 25. Qf3 Nxg3
26. Qxg3 Qd7 27. Qe3 Rc8 28. h3 Qe6 29. Qf3 Rd8 30. Qf2 1/2-1/2

[Event "Najdorf Memorial B"]
[Site "Warsaw POL"]
[Date "2023.07.12"]
[Round "2.13"]
[White "Wieckowski, Michal"]
[Black "Radecki, Wojciech"]
[Result "1-0"]
[WhiteElo "1637"]
[BlackElo "1825"]

1. e4 e5 2. Nf3 Nc6 3. Bb5 a6 4. Ba4 d6 5. O-O Bg4 6. c3 b5 7. Bc2 Qf6 8.
h3 Bxf3 9. Qxf3 Qxf3 10. gxf3 g5 11. Rd1 Bg7 12. d3 h6 13. a4 b4 14. Be3 a5
15. Nd2 Nge7 16. Nf1 Ng6 17. d4 bxc3 18. bxc3 exd4 19. cxd4 Nb4 20. Rac1
Nf4 21. Bxf4 gxf4 22. Bb3 Ra7 23. e5 d5 24. Nd2 Kd7 25. Kh2 h5 26. Rg1 Bh6
27. Bd1 c6 28. Nb3 Ke7 29. Rc5 Rha8 30. Be2 Kd7 31. Rc3 Rb8 32. Nc5+ Ke7
33. Rb3 Rc8 34. Bd3 Rh8 35. Bf5 Rc7 36. Rg2 Ra7 37. Kg1 Rb8 38. Kf1 Raa8
39. Nd7 Rg8 40. h4 Rxg2 41. Kxg2 Bg7 42. Kf1 Ra7 43. Nb6 Kd8 44. Ke2 Rb7
45. Nc8 Rc7 46. Rb1 Ke8 47. Rg1 Kf8 48. Nd6 c5 49. Rxg7 cxd4 50. Rh7 Re7
51. Rh8+ Kg7 52. Rh7+ Kf8 53. e6 fxe6 54. Bg6 Rxh7 55. Bxh7 Kg7 56. Bd3 Kf6
57. Nb7 Na2 58. Kd2 Nc3 59. Bb5 e5 60. Kd3 Na2 61. Nxa5 Nb4+ 62. Kd2 e4 63.
Nc6 e3+ 64. Ke2 Na2 65. Nxd4 exf2 66. Kxf2 Ke5 67. Nc6+ Kd6 68. Nd8 Nc3 69.
Ke1 d4 70. Kd2 Kd5 71. Kd3 Nd1 72. Bc4+ Kc5 73. Ne6+ Kb4 74. Kxd4 Ne3 75.
Bb5 Nf5+ 76. Ke4 Nxh4 77. Nxf4 Kc5 78. Be8 Kb4 79. Nxh5 Kc5 80. f4 Kd6 81.
f5 Ke7 82. Bb5 Kd6 83. Nf4 Kc5 84. f6 Kd6 85. f7 Ke7 86. Be8 1-0

[Event "Najdorf Memorial B"]
[Site "Warsaw POL"]
[Date "2023.07.12"]
[Round "2.14"]
[White "Celinski, Kamil"]
[Black "Kaluszynski, Andrzej"]
[Result "1-0"]
[WhiteElo "1820"]
[BlackElo "1702"]

1. c4 c5 2. g3 Nc6 3. Bg2 e6 4. Nf3 d5 5. cxd5 exd5 6. d4 Nf6 7. O-O h6 8.
a3 b6 9. Nc3 Be7 10. dxc5 bxc5 11. Qa4 Bd7 12. Qc2 Rc8 13. Rd1 d4 14. Ne4
Qb6 15. Nfd2 Ne5 16. Nxf6+ Qxf6 17. Ne4 Qb6 18. Bf4 Ng6 19. Qd2 O-O 20. b4
Ba4 21. bxc5 Bxc5 22. Rdb1 Qd8 23. Nxc5 Rxc5 24. Rb4 Rc2 25. Qxd4 Nxf4 26.
Qxf4 Bc6 27. Bxc6 Rxc6 28. Rab1 Qe7 29. e3 Qc5 30. a4 Qc2 31. R4b2 Qd3 32.
Rb3 Qe2 33. Rb8 Rcc8 34. R8b7 a6 35. Kg2 Rc4 36. Qf5 Rxa4 37. Rxf7 Rxf7 38.
Rb8+ 1-0

[Event "Najdorf Memorial B"]
[Site "Warsaw POL"]
[Date "2023.07.12"]
[Round "2.15"]
[White "Mazus, Jakub"]
[Black "Zeissel, Andrzej"]
[Result "1/2-1/2"]
[WhiteElo "1600"]
[BlackElo "1813"]

1. e4 c5 2. Nf3 e6 3. d4 cxd4 4. Nxd4 a6 5. Bd3 Bc5 6. Nb3 Ba7 7. Qe2 Ne7
8. Be3 Nbc6 9. Bxa7 Rxa7 10. Qe3 d5 11. exd5 Nxd5 12. Qg3 O-O 13. Nc3 Nxc3
14. bxc3 e5 15. O-O f5 16. Bc4+ Kh8 17. Rad1 Qf6 18. Rfe1 e4 19. Qe3 Ra8
20. Nd4 Ne5 21. Bd5 Qd6 22. Ne2 Ng4 23. Qf4 Qc5 24. Bb3 g5 25. Qxg5 Qxf2+
26. Kh1 Qc5 27. Rd4 Bd7 28. h3 Nf2+ 29. Kh2 Qe5+ 30. Qf4 Qxf4+ 31. Nxf4 Bc6
32. Re3 Rfd8 33. Bd5 Bxd5 34. Nxd5 Rd6 35. Kg3 Rad8 36. c4 b5 37. Kxf2 bxc4
38. Rxc4 Rxd5 39. Re2 Kg7 40. Ke3 Kf6 41. g4 fxg4 42. hxg4 Kg5 43. Rxe4 Ra5
1/2-1/2

[Event "Najdorf Memorial B"]
[Site "Warsaw POL"]
[Date "2023.07.12"]
[Round "2.16"]
[White "Sprzeczka, Emilia"]
[Black "Flis, Piotr"]
[Result "1/2-1/2"]
[WhiteElo "1797"]
[BlackElo "1698"]

1. e4 e5 2. Nf3 Nc6 3. Bc4 Nf6 4. d3 Bc5 5. c3 d6 6. O-O a5 7. Re1 O-O 8.
h3 h6 9. Nbd2 Be6 10. Bb3 Bxb3 11. Qxb3 a4 12. Qc2 Nh5 13. Nf1 Ne7 14. d4
exd4 15. cxd4 Bb4 16. Bd2 Bxd2 17. Qxd2 c6 18. Ng3 Nxg3 19. fxg3 Re8 20.
Nh4 Qd7 21. g4 g5 22. Nf3 Ng6 23. g3 Re7 24. Kg2 Rae8 25. Qc2 f6 26. e5 Kf7
27. Rf1 dxe5 28. Nxe5+ Nxe5 29. Qh7+ Ke6 30. Qf5+ Kd6 31. dxe5+ Kc7 32.
Qxd7+ Rxd7 33. exf6 Rd2+ 34. Rf2 Rxf2+ 35. Kxf2 Rf8 36. Ke3 Rxf6 37. h4
Re6+ 38. Kf3 b5 39. Rh1 c5 40. hxg5 hxg5 41. Rh8 a3 42. bxa3 c4 43. Rh2 Kb6
44. Rd2 Kc5 45. Rd8 c3 46. Rc8+ Kd4 47. Rd8+ Kc4 48. Rc8+ Kd3 49. Rd8+ Kc4
50. Rc8+ Kd4 51. Rd8+ Kc5 52. Rc8+ Kd4 53. Rd8+ Kc4 1/2-1/2

[Event "Najdorf Memorial B"]
[Site "Warsaw POL"]
[Date "2023.07.12"]
[Round "2.17"]
[White "Bartoszewicz, Marcin"]
[Black "Ostrowska, Joanna"]
[Result "1-0"]
[WhiteElo "1791"]
[BlackElo "1688"]

1. e4 c5 2. Nf3 d6 3. d4 cxd4 4. Nxd4 Nf6 5. Nc3 g6 6. Be3 Bg7 7. f3 a6 8.
Qd2 O-O 9. O-O-O b5 10. Bh6 b4 11. Nce2 Qa5 12. Bxg7 Kxg7 13. a3 Bd7 14.
Qxb4 Qe5 15. Qb7 Nc6 16. Nxc6 Qc5 17. e5 Bxc6 18. exf6+ exf6 19. Qb4 Qe3+
20. Qd2 Qe6 21. Nc3 Rfd8 22. Qd4 Rab8 23. Bxa6 d5 24. Rhe1 Qd6 25. g3 Bd7
26. Bc4 Bf5 27. Nxd5 Qc6 28. g4 Be6 29. Qxf6+ Kh6 30. Nf4 Rxd1+ 31. Rxd1
Qc5 32. h4 Qe3+ 33. Kb1 Bxg4 34. Qg5+ Kg7 35. Nh5+ 1-0

[Event "Najdorf Memorial B"]
[Site "Warsaw POL"]
[Date "2023.07.12"]
[Round "2.18"]
[White "Bury, Milosz"]
[Black "Skiba, Jakub"]
[Result "1-0"]
[WhiteElo "1785"]
[BlackElo "1684"]

1. e4 c5 2. Nf3 Nf6 3. e5 Nd5 4. Nc3 e6 5. Nxd5 exd5 6. d4 Nc6 7. dxc5 Bxc5
8. Bd3 d6 9. exd6 O-O 10. O-O Bxd6 11. h3 h6 12. c3 Qf6 13. Re1 Rd8 14. Bc2
Bf4 15. Bxf4 Qxf4 16. Qd3 g6 17. Bb3 Bf5 18. Qe3 Qxe3 19. Rxe3 Be4 20. Rd1
Na5 21. Nd4 Nxb3 22. axb3 g5 23. f3 Bg6 24. Re7 Rab8 25. Rde1 a6 26. Kf2
Rd6 27. Rc7 b5 28. b4 Kf8 29. Ra1 h5 30. Ra7 Rbb6 31. Re1 Kg7 32. Ree7 Kf6
33. g4 hxg4 34. hxg4 Rd8 35. Red7 Rh8 36. Kg2 Ke5 37. Re7+ Kf6 38. Rac7 Ra8
39. Red7 Ke5 40. Rc5 Rd6 41. Re7+ Kf6 42. Re1 Rb8 43. Kg3 Rh8 44. Rd1 Ke5
45. Nc6+ Ke6 46. Re1+ Kf6 47. Nd4 Ra8 48. Rc6 Rxc6 49. Nxc6 Bc2 50. Nd4 Bg6
51. Ra1 Bd3 52. Kf2 Re8 53. Rxa6+ Ke5 54. Ke3 Bg6 55. Nxb5 Rh8 56. Nd4 Rh2
57. b3 Rb2 58. b5 Bc2 59. b4 Bb3 60. b6 Bc4 61. b7 1-0

[Event "Najdorf Memorial B"]
[Site "Warsaw POL"]
[Date "2023.07.12"]
[Round "2.19"]
[White "Dropia, Rafal"]
[Black "Moszczenski, Milosz"]
[Result "1/2-1/2"]
[WhiteElo "1585"]
[BlackElo "1783"]

1. d4 Nf6 2. c4 e6 3. Nf3 d5 4. g3 Be7 5. Bg2 O-O 6. O-O c6 7. b3 b6 8. Qc2
Bb7 9. Bb2 Nbd7 10. Nbd2 Rc8 11. Rac1 Qc7 12. Rfe1 c5 13. cxd5 Nxd5 14. a3
Qb8 15. Qb1 cxd4 16. Nxd4 e5 17. Nf5 Bg5 18. Rxc8 Rxc8 19. Ne4 Be7 20. Rd1
Kf8 21. Nxe7 Kxe7 22. Qd3 Rd8 23. Ng5 N7f6 24. Nxh7 Nxh7 25. Qxh7 Nf6 26.
Qb1 Bxg2 27. Kxg2 Qb7+ 28. f3 Nd5 29. Kf2 Qc7 30. Rc1 Qd6 31. Qe4 f6 32. f4
Ke6 33. fxe5 fxe5 34. Qg6+ Nf6 35. Qxg7 Qd5 36. Qg6 Rg8 37. Qd3 Ng4+ 38.
Kg1 Qb7 39. Qc4+ Qd5 40. Qxd5+ Kxd5 41. h3 Nf6 42. g4 Nh5 43. e3 Ng3 44.
Kg2 Ne4 45. Rd1+ Ke6 46. b4 Rf8 47. Rf1 Rd8 48. Bc1 Rc8 49. h4 Rc2+ 50. Kf3
Nf6 51. g5 e4+ 52. Kf4 Nh5+ 53. Kg4 Ng7 54. Rg1 Rh2 55. Kg3 Rc2 56. Kf4 Rh2
57. Kg4 Ke5 58. Kg3 Rc2 59. Rd1 Nf5+ 60. Kh3 Rf2 61. Rg1 Ng7 62. Rg2 Rf3+
63. Kg4 Nf5 64. h5 Rf1 65. Bb2+ Ke6 66. Bd4 Rf3 67. h6 Nxd4 68. exd4 Kf7
69. Rg3 Rf1 70. Re3 Kg6 71. Rxe4 Rg1+ 72. Kf4 Rf1+ 73. Ke5 Kxg5 74. h7 Rh1
75. Kd6 Rxh7 76. Re7 Rh6+ 77. Re6 Rh3 78. d5 Rxa3 79. Kc7 Rc3+ 80. Rc6 Rd3
81. Kd6 Kf5 82. Rc7 a5 83. b5 a4 84. Kc6 Ke5 85. Re7+ Kf6 86. Ra7 a3 87. d6
Ke6 88. Kxb6 Kxd6 89. Kb7 Kc5 90. b6 Rb3 91. Ra5+ Rb5 92. Ra6 a2 93. Kc7
Rxb6 94. Rxa2 1/2-1/2

[Event "Najdorf Memorial B"]
[Site "Warsaw POL"]
[Date "2023.07.12"]
[Round "2.20"]
[White "Sternik, Piotr"]
[Black "Panczuk, Grzegorz"]
[Result "1-0"]
[WhiteElo "1783"]
[BlackElo "1668"]

1. d4 Nf6 2. c4 g6 3. Nc3 Bg7 4. Nf3 O-O 5. e4 d6 6. Be2 e5 7. Be3 Ng4 8.
Bg5 f6 9. Bh4 g5 10. Bg3 Nh6 11. h3 Nc6 12. dxe5 Nxe5 13. Bxe5 dxe5 14. Qb3
c6 15. c5+ Kh8 16. Rd1 Qe7 17. Na4 f5 18. Nd2 fxe4 19. Nxe4 Nf5 20. Bg4 Be6
21. Qc3 Bd5 22. Bxf5 Rxf5 23. Qc2 Bxe4 24. Qxe4 Rf4 25. Qc2 Raf8 26. Rd2 e4
27. Re2 Bd4 28. Rf1 Qf7 29. b3 e3 30. f3 Qf6 31. Kd1 b5 32. cxb6 axb6 33.
Kc1 c5 34. Nb2 Qe6 35. Rfe1 c4 36. Kb1 Rc8 37. Nd1 cxb3 38. Qxb3 Qg6+ 39.
Rc2 Bc5 40. Nb2 Rb4 41. Qc3+ Kg8 42. a3 Rf4 43. Rxe3 Ra8 44. Qd3 Qxd3 45.
Rxd3 Rxa3 46. Rxc5 Rxd3 47. Rxg5+ 1-0

[Event "Najdorf Memorial B"]
[Site "Warsaw POL"]
[Date "2023.07.12"]
[Round "2.21"]
[White "Terkiewicz, Bruno"]
[Black "Strawa, Jakub"]
[Result "1/2-1/2"]
[WhiteElo "1922"]
[BlackElo "1605"]

1. e4 e5 2. Nf3 Nc6 3. Bb5 a6 4. Ba4 Nf6 5. O-O Be7 6. Re1 b5 7. Bb3 d6 8.
c3 Na5 9. Bc2 c5 10. d4 Qc7 11. Nbd2 O-O 12. h3 Bb7 13. d5 Rfe8 14. Nf1 Nc4
15. a4 Bf8 16. b3 Nb6 17. a5 Nbd7 18. Ne3 g6 19. Nh2 Bg7 20. Neg4 Nxg4 21.
Nxg4 Nf6 22. Nh6+ Kh8 23. Qf3 Rf8 24. Ng4 Nxg4 25. hxg4 Rad8 26. g3 Qd7 27.
Qd1 Bc8 28. f3 Qe7 29. Kg2 f5 30. gxf5 gxf5 31. exf5 Bxf5 32. Be4 Qf6 33.
Qd3 Rd7 34. Bd2 Rdf7 35. Rf1 Bxe4 36. fxe4 Qg6 1/2-1/2

[Event "Najdorf Memorial B"]
[Site "Warsaw POL"]
[Date "2023.07.13"]
[Round "3.1"]
[White "Sternik, Piotr"]
[Black "Kitewski, Bartosz"]
[Result "1/2-1/2"]
[WhiteElo "1783"]
[BlackElo "1971"]

1. d4 Nf6 2. c4 e6 3. Nf3 d5 4. Bg5 h6 5. Bh4 dxc4 6. Qa4+ Nbd7 7. Qxc4 c5
8. Nc3 a6 9. e3 b5 10. Qb3 Bb7 11. Be2 cxd4 12. exd4 Qa5 13. O-O Bd6 14.
Bg3 Bxg3 15. hxg3 O-O 16. Ne5 Nxe5 17. dxe5 Nd7 18. f4 Nc5 19. Qc2 b4 20.
Nd1 Qb6 21. Kh2 Rac8 22. Bf3 Rfd8 23. Bxb7 Qxb7 24. Nf2 b3 25. Qe2 Qb4 26.
axb3 Rd2 27. Qf3 Nxb3 28. Rxa6 Nd4 29. Qe4 Re2 30. Ra8 Rxe4 31. Rxc8+ Kh7
32. Nxe4 Qxb2 33. Rcc1 Qe2 34. Nc3 Qg4 35. Rcd1 Qh5+ 36. Kg1 Nc2 37. Rf3
Qf5 38. Kh2 Qh5+ 39. Kg1 Qf5 40. Kh2 Qh5+ 41. Kg1 Qf5 42. Rb1 1/2-1/2

[Event "Najdorf Memorial B"]
[Site "Warsaw POL"]
[Date "2023.07.13"]
[Round "3.2"]
[White "Nesterenko, Kyrylo"]
[Black "Yasmo, Daniil"]
[Result "1-0"]
[WhiteElo "1907"]
[BlackElo "1778"]

1. Nf3 e6 2. e3 Nf6 3. c4 d5 4. b3 c5 5. Bb2 dxc4 6. Bxc4 Nc6 7. O-O Be7 8.
Nc3 a6 9. Qc2 b5 10. Be2 Bb7 11. a4 b4 12. Nb1 O-O 13. d3 Na5 14. Nbd2 Rc8
15. Rac1 Nd5 16. Ne5 Bf6 17. Ne4 Nc3 18. Nxf6+ gxf6 19. Bxc3 fxe5 20. Ba1
Bd5 21. Rb1 Qg5 22. g3 f6 23. f4 Qh6 24. e4 Bb7 25. fxe5 Qe3+ 26. Rf2 fxe5
27. Bg4 Rce8 28. Bxe5 c4 29. Bf4 Qd4 30. bxc4 e5 31. Bh6 Rf6 32. Qd2 Nxc4
33. dxc4 Qxe4 34. Rxf6 Qxb1+ 35. Rf1 Qg6 36. Qg5 Qxg5 37. Bxg5 b3 38. Rb1
Bc6 39. Rxb3 Bxa4 40. Ra3 Bc2 41. Rxa6 Bd3 42. Re6 Ra8 43. c5 Ra1+ 44. Kf2
Ra4 45. Be2 Ra2 46. Rxe5 Kf7 47. Kf3 Bg6 48. Bc4+ 1-0

[Event "Najdorf Memorial B"]
[Site "Warsaw POL"]
[Date "2023.07.13"]
[Round "3.3"]
[White "Szyszko, Jan"]
[Black "Gbiorczyk, Mikolaj"]
[Result "1/2-1/2"]
[WhiteElo "1759"]
[BlackElo "1904"]

1. d4 f5 2. c4 Nf6 3. Nf3 g6 4. e3 Bg7 5. b4 c6 6. Be2 O-O 7. O-O d5 8. a4
Ne4 9. b5 Nd7 10. a5 e6 11. Qa4 cxb5 12. Qxb5 Nd6 13. Qb3 dxc4 14. Bxc4 Nc5
15. Qb4 Nce4 16. Bb3 Rf7 17. Ne5 Rc7 18. Ba3 Nf7 19. Nd3 b6 20. Nf4 Nc5 21.
Nd2 Nxb3 22. Qxb3 e5 23. dxe5 Bxe5 24. Rad1 Bxf4 25. exf4 Ba6 26. Nf3 Qf6
27. Bb2 Qc6 28. Rc1 Qb7 29. Rxc7 Qxc7 30. Rc1 Qxf4 31. Ne5 Rf8 32. Nd7 Rd8
33. Nf6+ Kf8 34. Nxh7+ Kg8 35. Nf6+ Kf8 36. Nh7+ Kg8 37. Qc3 Ne5 38. Nf6+
Kh8 39. Qh3+ Kg7 40. Qh7+ Kxf6 41. Bxe5+ Qxe5 42. Qh4+ g5 43. Qh6+ Kf7 44.
Qh5+ Kf8 45. axb6 axb6 46. Qh6+ Qg7 47. Qxb6 Rc8 48. Re1 Bb7 49. Qd6+ Kg8
50. h3 Rc7 51. Re6 Kh7 52. Qd1 g4 53. Qd3 Qg5 54. Qg3 Rg7 55. hxg4 Qxg4 56.
Qh2+ Kg8 57. Qb8+ Kh7 58. Qh2+ 1/2-1/2

[Event "Najdorf Memorial B"]
[Site "Warsaw POL"]
[Date "2023.07.13"]
[Round "3.4"]
[White "Arciszewska, Zuzanna"]
[Black "Celinski, Kamil"]
[Result "1-0"]
[WhiteElo "1732"]
[BlackElo "1820"]

1. d4 Nf6 2. c4 c5 3. d5 b5 4. cxb5 a6 5. bxa6 Bxa6 6. Nc3 g6 7. Nf3 Bg7 8.
Nd2 O-O 9. e4 Bxf1 10. Nxf1 e6 11. dxe6 fxe6 12. Ne3 Nc6 13. O-O Qb6 14.
Rb1 Qb4 15. a3 Qd4 16. Qc2 Qe5 17. f4 Qc7 18. e5 Nd4 19. Qd3 Nh5 20. Nc4
Bh6 21. g3 Rab8 22. Be3 Nf5 23. Ne4 Nxe3 24. Qxe3 Rb5 25. Ncd6 Ra5 26. Rbc1
Qb8 27. Nxc5 Qa7 28. Rc3 Qb6 29. b4 Ra7 30. Nce4 Qb8 31. b5 Ra4 32. b6 Ra6
33. b7 Rc6 34. Rxc6 dxc6 35. Qb6 Nxf4 36. gxf4 Bxf4 37. Qd4 g5 38. Nf6+ Kh8
39. Nd7 Qd8 40. b8=Q 1-0

[Event "Najdorf Memorial B"]
[Site "Warsaw POL"]
[Date "2023.07.13"]
[Round "3.5"]
[White "Zareba, Piotr"]
[Black "Bartoszewicz, Marcin"]
[Result "0-1"]
[WhiteElo "1723"]
[BlackElo "1791"]

1. e4 c5 2. Nf3 d6 3. d4 cxd4 4. Nxd4 Nf6 5. Nc3 a6 6. Bg5 e6 7. f4 Be7 8.
Qf3 Qc7 9. O-O-O Nbd7 10. g4 h6 11. Bxf6 Bxf6 12. h4 Bxd4 13. Rxd4 b5 14.
Bxb5 axb5 15. Nxb5 Qc6 16. Nxd6+ Ke7 17. Rhd1 Rxa2 18. Nxc8+ Rxc8 19. Rxd7+
Ke8 20. c4 Ra1+ 21. Kc2 Qxc4+ 22. Qc3 Qa4+ 23. Kd2 Qxd1+ 0-1

[Event "Najdorf Memorial B"]
[Site "Warsaw POL"]
[Date "2023.07.13"]
[Round "3.6"]
[White "Wieckowski, Michal"]
[Black "Bury, Milosz"]
[Result "1-0"]
[WhiteElo "1637"]
[BlackElo "1785"]

1. e4 c5 2. Nf3 d6 3. d4 cxd4 4. Nxd4 Nf6 5. Nc3 a6 6. Bg5 e6 7. f4 Be7 8.
Qf3 Qc7 9. O-O-O Nbd7 10. g4 b5 11. Bxf6 Nxf6 12. g5 Nd7 13. f5 Nb6 14. g6
hxg6 15. fxg6 f6 16. Bh3 b4 17. Nce2 e5 18. Ne6 Qc4 19. Nxg7+ Kf8 20. Nh5
Bxh3 21. Qxh3 Rg8 22. g7+ Kf7 23. Qb3 Qxb3 24. axb3 Kg6 25. Neg3 d5 26.
Rhg1 dxe4 27. Nxe4+ Kf5 28. Nexf6 Ke6 29. Nxg8 Rxg8 30. Rg6+ 1-0

[Event "Najdorf Memorial B"]
[Site "Warsaw POL"]
[Date "2023.07.13"]
[Round "3.7"]
[White "Sypien, Natan"]
[Black "Kulpa, Zuzanna"]
[Result "1/2-1/2"]
[WhiteElo "1782"]
[BlackElo "1911"]

1. e4 c5 2. Nf3 d6 3. Bb5+ Nd7 4. d4 Nf6 5. Nc3 cxd4 6. Qxd4 e5 7. Qd3 h6
8. Nd2 a6 9. Bxd7+ Bxd7 10. Nc4 Be6 11. Ne3 b5 12. a4 b4 13. Ncd5 Nxd5 14.
Nxd5 Bxd5 15. Qxd5 Rc8 16. Qd3 Qa5 17. Bd2 Be7 18. c3 bxc3 19. Bxc3 Qb6 20.
O-O O-O 21. Rfd1 Rfd8 22. b4 Qc6 23. Be1 Rb8 24. Qd5 Rdc8 25. Qxc6 Rxc6 26.
Rdc1 Rxc1 27. Rxc1 d5 28. exd5 Bxb4 29. Rb1 a5 30. Kf1 Rd8 31. Bxb4 axb4
32. Rxb4 Rxd5 33. Rb8+ Kh7 34. Ra8 Rd2 35. a5 Ra2 36. a6 Kg6 37. a7 Kg5 38.
Re8 1/2-1/2

[Event "Najdorf Memorial B"]
[Site "Warsaw POL"]
[Date "2023.07.13"]
[Round "3.8"]
[White "Haliniak, Wojciech"]
[Black "Pietrzak, Wojciech"]
[Result "1-0"]
[WhiteElo "1901"]
[BlackElo "1764"]

1. e4 e6 2. Qe2 c5 3. Nf3 Nc6 4. g3 d6 5. Bg2 Nf6 6. O-O Be7 7. c3 e5 8.
Na3 Bg4 9. Nc2 Qd7 10. Rd1 Nxe4 11. d4 cxd4 12. Qxe4 d5 13. Qe1 Qf5 14.
Nxe5 Qxe5 15. Qxe5 Nxe5 16. Rxd4 O-O-O 17. Rxd5 Nf3+ 18. Bxf3 Bxf3 19.
Rxd8+ Rxd8 20. Be3 a6 21. Nd4 Bd5 22. Nf5 Bf8 23. Bd4 g6 24. Ne3 Be6 25. f4
f5 26. b3 Kd7 27. Kf2 Kc6 28. Ke2 Bd5 29. Nxd5 Kxd5 30. Rd1 Re8+ 31. Be5+
Kc6 32. Kf3 g5 33. h3 h5 34. c4 Be7 35. fxg5 Bxg5 36. Rd6+ Kc5 37. Rd5+ Kc6
38. Bf4 Bxf4 39. Kxf4 h4 40. gxh4 Re4+ 41. Kxf5 Rxh4 42. Rd3 Rh5+ 43. Kg4
Ra5 44. Rd2 b5 45. cxb5+ axb5 46. h4 Ra8 47. h5 Rg8+ 48. Kf5 Rh8 49. Rh2
Kc5 50. Kg6 Kb4 51. Kg7 Ra8 52. h6 Ka3 53. b4 1-0

[Event "Najdorf Memorial B"]
[Site "Warsaw POL"]
[Date "2023.07.13"]
[Round "3.9"]
[White "Polak, Michal"]
[Black "Kotowicz, Kamil"]
[Result "1-0"]
[WhiteElo "1895"]
[BlackElo "1704"]

1. e4 c6 2. d4 d5 3. Nc3 dxe4 4. Nxe4 Bf5 5. Ng3 Bg6 6. h4 h6 7. Nf3 Nd7 8.
h5 Bh7 9. Bd3 Bxd3 10. Qxd3 e6 11. Bf4 Qa5+ 12. Bd2 Qc7 13. O-O-O Ngf6 14.
Kb1 O-O-O 15. Ne4 Kb8 16. Rh4 Nxe4 17. Qxe4 Bd6 18. Qe2 Rhe8 19. Rg4 Rg8
20. c4 c5 21. Bc3 Nf6 22. Rh4 Qe7 23. a3 Ka8 24. Rhh1 a6 25. Ne5 cxd4 26.
Bxd4 Nd7 27. f4 Nxe5 28. Bxe5 Bxe5 29. Qxe5 f6 30. Qe4 Qf7 31. g4 f5 32.
gxf5 Qxf5 33. Qxf5 exf5 34. Kc2 Rxd1 35. Rxd1 g5 36. hxg6 Rxg6 37. Rd8+ Ka7
38. Rf8 h5 39. Rxf5 h4 40. Kd3 Rg2 41. b4 Rg3+ 42. Kd4 Rxa3 43. Rh5 h3 44.
f5 Rf3 45. Ke5 Re3+ 46. Kd5 Rf3 47. Ke6 Re3+ 48. Kf7 Re4 49. Rxh3 Rxc4 50.
Rf3 b5 51. f6 Kb6 52. Ke6 Re4+ 53. Kd5 Re8 54. f7 Rd8+ 55. Ke5 Rf8 56. Rf6+
Kc7 57. Rxa6 Kb7 58. Rf6 Kc7 59. Ke6 Kd8 60. Rf5 1-0